| 000 | 00597nam a22002057a 4500 | ||
|---|---|---|---|
| 999 |
_c7280 _d7280 |
||
| 003 | OSt | ||
| 005 | 20200102135938.0 | ||
| 008 | 200102e201910 sp ||||||||| 000 0 spa|d | ||
| 017 |
_aDL M 24477-2019 _bOficina DL Madrid |
||
| 020 | _a9788417141936 | ||
| 040 |
_aES-BaUAB _bcat _cCDMR |
||
| 100 | 1 | _aMarín García, Bernardo, | |
| 245 | 1 | 3 |
_aLa Tiranía del clic _c/ Bernardo Marín García |
| 260 |
_aMadrid : _bTurner, _c2019 |
||
| 300 |
_a93 p. ; _c19 cm |
||
| 650 | 0 | 4 |
_aPremsa _xTitulars |
| 650 | 0 | 4 |
_aPremsa digital _xDifusió _93188 |
| 650 | 0 | 4 |
_aSensacionalisme en la premsa _93099 |
| 942 | _cMON | ||